000 00531nam a2200205 i 4500
001 bgj
100 1 _aSHAW, Bernard
_d(1856-1950)
245 1 0 _aMajor Barbara /
_cby Bernard Shaw.
260 _aBaltimore :
_bPenguin Books,
_c1964.
300 _a152, [1] pp ;
_c18 cm.
610 2 9 _aSalvation Army
650 9 _aChildren of the rich
650 9 _aFathers and daughters
650 9 _aCrime
_xSocial aspects
655 _aDrama
040 _cBPK
041 0 _aeng
942 _cKS
008 s uk f |000 0 eng
999 _c48833
_d48833
856 _uhttp://koha.tu.koszalin.pl/cgi-bin/koha/opac-detail.pl?biblionumber=48833
_yKatalog online BPK